Elaboração e análise de viabilidade econômica de projetos : (Record no. 1089)

MARC details
000 -LÍDER
Campo Fixo de Controle 00756nam a2200229 a 4500
001 - NÚMERO DE CONTROLE
Campo de Controle 1089
003 - IDENTIFICAÇÃO DO NÚMERO DE CONTROLE
Campo de Controle BR-CuiBMT
005 - DATA E HORA DA ÚLTIMA ATUALIZAÇÃO
Campo de Controle 20231128173720.0
008 - DADOS FIXOS
Dados Fixos 231128s2013 spba 000 0 por d
020 ## - INTERNATIONAL STANDARD BOOK NUMBER
Nº do ISBN 9788522479627
040 ## - AGÊNCIA CATALOGADORA
Código da Agência Catalogadora BR-CuiBMT
Agência que transcreveu o registro BR-CuiBMT
080 ## - Nº DA CLASSIFICAÇÃO DECIMAL UNIVERSAL
Nº edição CDU 2007
Nº Class. CDU 658.5
090 ## - NÚMERO DE CHAMADA
Nº classificação 658.5
Cutter G633e
100 1# - ENTRADA PRINCIPAL -- AUTOR PESSOAL
Nome pessoal Gomes, José Maria
245 10 - TÍTULO PRINCIPAL
Título principal Elaboração e análise de viabilidade econômica de projetos :
Subtítulo tópicos práticos de finanças para gestores não financeiros :
Indicação de responsabilidade José Maria Gomes.
260 ## - PUBLICAÇÃO, DISTRIBUIÇÃO, ETC.
Local de publicação São Paulo :
Editora Atlas,
Data 2013.
300 ## - DESCRIÇÃO FÍSICA
N. páginas ou volumes 176 p. :
Ilustrações il. ;
Dimensões 21 cm
504 ## - NOTA DE BIBLIOGRAFIA, ETC.
Nota de bibliografia Inclui bibliografia.
650 ## - ASSUNTO TÓPICO
Cabeçalho tópico ou nome geográfico Administração de projetos
650 ## - ASSUNTO TÓPICO
Cabeçalho tópico ou nome geográfico Administração financeira
Subdivisão geral Elaboração de projetos
942 ## - ELEMENTOS DE ENTRADA ADICIONAIS (KOHA)
Fonte de classificação ou esquema de arquivamento Classificação Decimal Universal
Tipo de item do Koha Livros
Holdings
Estado: removido Estado: perdido Fonte de classificação ou esquema de arquivamento Estado: danificado Indisponível para empréstimo Localização permanente Localização atual Data de aquisição Total Checkouts Número de Chamada completo Código de barras Date last seen Número do exemplar Preço efetivo a partir de Tipo de item (Koha)
    Classificação Decimal Universal     Biblioteca da Escola Superior de Contas do TCE/MT Biblioteca da Escola Superior de Contas do TCE/MT 28/11/2023   658.5 G633e BIBTCEMT23111251 28/11/2023 Ex. 1 28/11/2023 Livros

Powered by Koha